Ustroje wybranych państw współczesnych - Statystyki

Ogólne statystyki
  • Ten quiz został rozwiązany 6 razy
  • Średni wynik to 10 z 24
Statystyki odpowiedzi
Państwo Ustrój % Poprawnych
Zjednoczone Emiraty Arabskie Emirat
80%
Oman Sułtanat
80%
Kuwejt Emirat
60%
Katar Emirat
60%
Japonia Cesarstwo
40%
Sudan Junta Wojskowa
40%
Mali Junta Wojskowa
40%
Gwinea (od 2021) Junta Wojskowa
40%
Mjanma (1962-2011 i od 2021) Junta Wojskowa
40%
Burkina Faso (od 2022) Junta Wojskowa
40%
Niger (od 2023) Junta Wojskowa
40%
Arabia Saudyjska Monarchia absolutna
40%
Maroko Monarchia konstytucyjna
40%
Kanada Monarchia parlamentarna
40%
Australia Monarchia parlamentarna
40%
Nowa Zelandia Monarchia parlamentarna
40%
Malezja Monarchia parlamentarna
40%
Brunei Sułtanat
40%
Chiny System jednopartyjny
40%
Kuba System jednopartyjny
40%
Eswatini Monarchia absolutna
20%
Papua Nowa Gwinea Monarchia parlamentarna
20%
Belize Monarchia parlamentarna
20%
Kambodża Monarchia parlamentarna
20%
Nie znaleziono quizów pasujących do podanych kryteriów
Rozkład punktacji
Procent ludzi z każdym wynikiem
Percentyl według liczby udzielonych odpowiedzi
Twoja historia wyników
Nie rozwiązałeś tego quizu